Statistics for Country Clue Combinations

Click here to take the quiz!

General Stats

  • This quiz has been taken 19 times
  • The average score is 10 of 20

Answer Stats

Clue #1Clue #2Country% Correct
Opposite of bitterA badger's homeSweden
94%
AttilaCity in Indiana, part of the Chicago metro areaHungary
75%
To pull one vehicle with anotherAncient Chinese boardgameTogo
75%
Film festival localeComputing pioneer, ___ LovelaceCanada
69%
Present tense of wasYou're in for a shock if you touch the third of theseIsrael
69%
Rastafari term for GodGuillermo del Toro film, ___'s LabyrinthJapan
63%
What a plaintiff does to a defendantCanadian actor and comedian, ___ AykroydSudan
63%
Second person pronounBird with long legs and neckUkraine
63%
To treat leatherWhackierTanzania
56%
Examples include Doric, Ionic, and CorinthianDrink that was the subject of the ReinheitsgebotColombia
50%
Short slang for motherDownwind side of a ship, ___wardMali
50%
Resigned exhalePush downCyprus
44%
A small, disease-causing organismLittle Orphan _____Germany
44%
WrathDry 'this' is not a myth, Kevin Costner's seen itIreland
44%
English actress, _____ KnightleyLong passenger vehicleKiribati
44%
A tavernA cervine creatureIndia
38%
A chargeUnit of accelerationFiji
31%
Group of twoSlang for one man (Hint: 2 words)Paraguay
31%
To drawBigger than a LANTaiwan
19%
Excessively pleasant (Hint: 2 words)Organ with outer, middle, and inner partsTunisia
19%

Score Distribution

Percentile by Number Answered

Percent of People with Each Score

Your Score History

You have not taken this quiz